000
00235nam a2200097Ia 4500
001
729567
005
20250826163530.0
008
250824s9999 xx 000 0 und d
245
0
_a
ASLA VAZGEÇME
_c
HARLAN COBEN
260
_b
MARTI YAYINLARI
999
_c
729567
_d
729567